| 000 | 00525nam a22001577a 4500 | ||
|---|---|---|---|
| 999 |
_c534889 _d534889 |
||
| 020 | _qHard Cover. | ||
| 082 | _a620.1 | ||
| 100 | _aMubarak, Qurat-ul-ain | ||
| 245 |
_aLocalization and Classification of Heart Sounds using PCG Signals / _cQurat-ul-ain Mubarak. |
||
| 260 |
_aIslamabad : _bCEME - NUST, _c2018. |
||
| 300 | _ax, 74 p. : ill. ; | ||
| 942 |
_2ddc _cTHE |
||
| 650 |
_aMS Thesis Computer Engineering. _929293 |
||
| 700 |
_aDr. Muhammad Usman Akram. _916084 |
||